Làm giàu vốn từ của bạn theo cách hiệu quả nhất = Boost your vocabulary

Na minha lista:
Detalhes bibliográficos
Autor principal: Barker, Chris
Formato: Livro
Idioma:Undetermined
Publicado em: Thành phố Hồ Chí Minh Nhà xuất bản Thành phố Hồ Chí Minh 2004
Assuntos:
Tags: Adicionar Tag
Sem tags, seja o primeiro a adicionar uma tag!
Thư viện lưu trữ: Trung tâm Học liệu Trường Đại học Cần Thơ
LEADER 00763nam a2200217Ia 4500
001 CTU_90881
008 210402s9999 xx 000 0 und d
020 |c 16000 
082 |a 428.1 
082 |b B255/T.2 
100 |a Barker, Chris 
245 0 |a Làm giàu vốn từ của bạn theo cách hiệu quả nhất = 
245 0 |b Boost your vocabulary 
245 0 |c Chris Barker; Lê Huy Lâm giới thiệu và chú giải 
260 |a Thành phố Hồ Chí Minh 
260 |b Nhà xuất bản Thành phố Hồ Chí Minh 
260 |c 2004 
650 |a English language 
650 |x glossaries, vocabularies, etc 
904 |i Tuyến (Nguyên sửa) 
980 |a Trung tâm Học liệu Trường Đại học Cần Thơ